Regional integration and Baltic trade and investment performance

Guardado en:
Detalles Bibliográficos
Autor principal: Sorsa, Piritta
Formato: Libro
Lenguaje:inglés
Publicado: Washington International Monetary Fund 1997
Colección:IMF Working Paper WP/97/167
Materias:
Etiquetas: Agregar Etiqueta
Sin Etiquetas, Sea el primero en etiquetar este registro!

MARC

LEADER 00000nam a2200000 4500
001 c100628
005 20221124074917.4
041 0 |a eng 
044 |a US 
245 1 0 |a Regional integration and Baltic trade and investment performance  |c Piritta Sorsa 
264 1 |a Washington  |b International Monetary Fund  |c 1997 
300 |a 41 s. 
490 1 |a IMF Working Paper  |v WP/97/167 
830 0 |a IMF Working Paper  |v WP/97/167 
610 2 0 |a integrácia ekonomická medzinárodná 
610 2 0 |a investície 
610 2 0 |a investície priame zahraničné 
610 2 0 |a obchod medzinárodný 
610 2 0 |a Estónsko 
610 2 0 |a Litva 
610 2 0 |a Lotyšsko 
100 1 |a Sorsa, Piritta